000
00321nam a22001337a 4500
082
_a
030
_b
RAV/C
100
_a
RAVICHANDRAN, C R
245
_a
COMPLETE COMPUTER DICTIONARY
250
_a
FIRST EDITION
260
_a
TRICHUR
_b
LUNES PUBLICATIONS
_c
1999
300
_a
456
650
_a
COMPUTER DICTIONARY
_z
INDIA
942
_c
BK
999
_c
1715
_d
1715